000 00629nam a2200241Ia 4500
003 OSt
005 20220926011020.0
006 a|||||r|||| 00| 0
007 ta
008 220923b |||||||| |||| 00| 0 eng d
020 _a0134642074
037 _cGeneral Book
040 _aRTL
_cRTL
_beng
041 _2eng
_aeng
082 _aX9:8, M8
100 _aMcGee John S
_9313427
245 0 _aIndustrial organization
260 _aNew Jersey
_bPrentice Hall
_c1988
300 _axiv,497p
_ccm.
650 _aManagement
_930681
942 _hX9:8, M8
_cGB
_2CC
999 _c618858
_d618858